MARC details
| 000 -LEADER |
| fixed length control field |
02174nam a22003857a 4500 |
| 001 - CONTROL NUMBER |
| control field |
103380 |
| 003 - CONTROL NUMBER IDENTIFIER |
| control field |
KnowledgeUnlatched |
| 005 - DATE AND TIME OF LATEST TRANSACTION |
| control field |
20210303105040.0 |
| 006 - FIXED-LENGTH DATA ELEMENTS--ADDITIONAL MATERIAL CHARACTERISTICS |
| fixed length control field |
m o d |
| 007 - PHYSICAL DESCRIPTION FIXED FIELD--GENERAL INFORMATION |
| fixed length control field |
cr u|||||||||| |
| 008 - FIXED-LENGTH DATA ELEMENTS--GENERAL INFORMATION |
| fixed length control field |
210129p20182019xx o u00| u ger d |
| 037 ## - SOURCE OF ACQUISITION |
| Institution to which field applies |
BiblioBoard |
| 020 ## - INTERNATIONAL STANDARD BOOK NUMBER |
| International Standard Book Number |
9783839441190 |
| 029 1# - OTHER SYSTEM CONTROL NUMBER (OCLC) |
| OCLC library identifier |
https://library.biblioboard.com/ext/api/media/f7d3db05-9817-45c0-83e3-1bad24a367cd/assets/thumbnail.jpg |
| 040 ## - CATALOGING SOURCE |
| Original cataloging agency |
ScCtBLL |
| Transcribing agency |
ScCtBLL |
| 100 1# - MAIN ENTRY--PERSONAL NAME |
| Personal name |
Schellhöh, Jennifer |
| Relator term |
author. |
| 245 00 - TITLE STATEMENT |
| Title |
Großerzählungen des Extremen |
| Remainder of title |
Neue Rechte, Populismus, Islamismus, War on Terror / |
| Statement of responsibility, etc. |
Jennifer Schellhöh, Jo Reichertz. |
| 264 #1 - PRODUCTION, PUBLICATION, DISTRIBUTION, MANUFACTURE, AND COPYRIGHT NOTICE |
| Name of producer, publisher, distributor, manufacturer |
transcript Verlag, |
| 300 ## - PHYSICAL DESCRIPTION |
| Extent |
1 online resource (215 p.) |
| 490 1# - SERIES STATEMENT |
| Series statement |
X-Texte zu Kultur und Gesellschaft |
| 506 0# - RESTRICTIONS ON ACCESS NOTE |
| Terms governing access |
Access copy available to the general public. |
| Standardized terminology for access restriction |
Unrestricted |
| Source of term |
star |
| 520 ## - SUMMARY, ETC. |
| Summary, etc. |
Was macht radikale Weltbilder so attraktiv? Und wie lässt sich die Renaissance des Extremismus kultur- und sozialwissenschaftlich erklären? Sprach man bis vor Kurzem noch davon, dass Großerzählungen auf dem Schrottplatz der Geschichte liegen, finden sie neuerdings mit der Wiederkehr des Fundamentalismus den Weg zurück in den Diskurs. Die Beiträge des Bandes stellen verschiedene Großerzählungen des Extremen vor und diskutieren, wie sie sich in Denkfiguren, Rhetoriken, Symboliken und Handlungsweisen niederschlagen. Mit Beiträgen u.a. von Claus Leggewie und Susanne Schröter. |
| 588 0# - SOURCE OF DESCRIPTION NOTE |
| Source of description note |
Description based on print version record. |
| 590 ## - LOCAL NOTE (RLIN) |
| Local note |
KU OGeSoMo |
| 650 #7 - SUBJECT ADDED ENTRY--TOPICAL TERM |
| Topical term or geographic name entry element |
Political Science / Political Ideologies |
| Source of heading or term |
bisacsh |
| 650 #0 - SUBJECT ADDED ENTRY--TOPICAL TERM |
| Topical term or geographic name entry element |
Political science |
| 655 #0 - INDEX TERM--GENRE/FORM |
| Genre/form data or focus term |
Electronic books. |
| 700 1# - ADDED ENTRY--PERSONAL NAME |
| Personal name |
Reichertz, Jo |
| Relator term |
editor. |
| 758 ## - |
| -- |
Is found in: |
| -- |
Knowledge Unlatched |
| -- |
https://openresearchlibrary.org/module/2774bc74-146a-484f-a7ba-ab1d6a09bbfb |
| 830 0# - SERIES ADDED ENTRY--UNIFORM TITLE |
| Uniform title |
X-Texte zu Kultur und Gesellschaft |
| 856 40 - ELECTRONIC LOCATION AND ACCESS |
| Uniform Resource Identifier |
<a href="https://openresearchlibrary.org/content/f7d3db05-9817-45c0-83e3-1bad24a367cd">https://openresearchlibrary.org/content/f7d3db05-9817-45c0-83e3-1bad24a367cd</a> |
| Public note |
View this content on Open Research Library. |
| -- |
0 |